<?xml version="1.0" encoding="UTF-8"?>
<record
    xmlns:xsi="http://www.w3.org/2001/XMLSchema-instance"
    xsi:schemaLocation="http://www.loc.gov/MARC21/slim http://www.loc.gov/standards/marcxml/schema/MARC21slim.xsd"
    xmlns="http://www.loc.gov/MARC21/slim">

  <leader>01140nam a2200217Ia 4500</leader>
  <datafield tag="999" ind1=" " ind2=" ">
    <subfield code="c">6694</subfield>
    <subfield code="d">6694</subfield>
  </datafield>
  <controlfield tag="003">OSt</controlfield>
  <controlfield tag="005">20200519175125.0</controlfield>
  <controlfield tag="008">191128s2008    ck abd gr     000 0 spa d</controlfield>
  <datafield tag="040" ind1=" " ind2=" ">
    <subfield code="a">CO-JMCR</subfield>
    <subfield code="c">CO-JMCR</subfield>
  </datafield>
  <datafield tag="041" ind1="0" ind2=" ">
    <subfield code="a">spa</subfield>
  </datafield>
  <datafield tag="082" ind1="0" ind2="4">
    <subfield code="a">318.61 / </subfield>
    <subfield code="b">D262c</subfield>
    <subfield code="2">23</subfield>
  </datafield>
  <datafield tag="110" ind1="1" ind2=" ">
    <subfield code="a">Departamento Administrativo Nacional de Estad&#xED;stica</subfield>
    <subfield code="9">4535</subfield>
  </datafield>
  <datafield tag="245" ind1="1" ind2="0">
    <subfield code="a">Censo general 2005 : nivel nacional /</subfield>
    <subfield code="c">Departamento Administrativo Nacional de Estad&#xED;stica</subfield>
  </datafield>
  <datafield tag="260" ind1=" " ind2=" ">
    <subfield code="a">Bogot&#xE1; : </subfield>
    <subfield code="b">Departamento Administrativo Nacional de Estad&#xED;stica DANE</subfield>
    <subfield code="c">2008</subfield>
  </datafield>
  <datafield tag="300" ind1=" " ind2=" ">
    <subfield code="a">465 p&#xE1;ginas : </subfield>
    <subfield code="b">mapas, tablas, gr&#xE1;ficos ; </subfield>
    <subfield code="c">27 cm, </subfield>
    <subfield code="e">+1 CD-rom.</subfield>
  </datafield>
  <datafield tag="505" ind1=" " ind2=" ">
    <subfield code="a">Aspectos metodol&#xF3;gicos -- Ejecuci&#xF3;n del censo general 2005 --Entregas de informaci&#xF3;n y poblaci&#xF3;n ajustada -- Resultados del censo</subfield>
  </datafield>
  <datafield tag="520" ind1=" " ind2=" ">
    <subfield code="a">El Dane se complace en presentar a los colombianos el resumen nacional con los resultados del Censo General 2005. De acuerdo con la tradici&#xF3;n del pa&#xED;s, este censo corresponde al XVII censo nacional de poblaci&#xF3;n y VI de vivienda.</subfield>
  </datafield>
  <datafield tag="650" ind1="1" ind2="4">
    <subfield code="a">Censos</subfield>
    <subfield code="y">2005</subfield>
    <subfield code="z">Colombia </subfield>
    <subfield code="9">4536</subfield>
  </datafield>
  <datafield tag="650" ind1="2" ind2="4">
    <subfield code="a">Poblaci&#xF3;n </subfield>
    <subfield code="x">Colombia Estad&#xED;sticas</subfield>
    <subfield code="y">2005</subfield>
    <subfield code="z">Colombia</subfield>
    <subfield code="9">4537</subfield>
  </datafield>
  <datafield tag="942" ind1=" " ind2=" ">
    <subfield code="2">ddc</subfield>
    <subfield code="c">BK</subfield>
  </datafield>
  <datafield tag="952" ind1=" " ind2=" ">
    <subfield code="0">0</subfield>
    <subfield code="1">0</subfield>
    <subfield code="2">ddc</subfield>
    <subfield code="4">0</subfield>
    <subfield code="7">0</subfield>
    <subfield code="a">CPL</subfield>
    <subfield code="b">CPL</subfield>
    <subfield code="c">GEN</subfield>
    <subfield code="d">2015-04-15</subfield>
    <subfield code="e">Donaci&#xF3;n</subfield>
    <subfield code="g">0.00</subfield>
    <subfield code="l">0</subfield>
    <subfield code="o">318.61 /  D262c</subfield>
    <subfield code="p">430001277</subfield>
    <subfield code="r">2024-05-16 00:00:00</subfield>
    <subfield code="t">Ej.2</subfield>
    <subfield code="w">2020-05-19</subfield>
    <subfield code="y">BK</subfield>
  </datafield>
</record>
